00224nam a2200085Ia 4500008004100000041000800041100001900049245003900068260003100107241105s9999 xx 000 0 und d aeng aHejib Vaidehi. aLow Carbon Community For Bangalore bBNCA M Arch EA, Punec2019